Emlékkönyv a Rozsnyói Tanítóképző (PG) utolsó érettségizett növendékeinek emlékkönyve 1957-1961

Bibliographic Details
Other Authors: Farkas, Veronika, 1943- (Compiler), Juhász, Mária (Compiler), Száraz, József (Compiler)
Format: Book
Language:Hungarian
PhysicalDescription:86 s. fotogr. 29 cm
Published: Komáromban KT 2001
ISBN:8080562482
Subjects:

MARC

LEADER 00000nam a2200000 a 4500
001 vtls001432843
003 SK-MaSNL
005 20260302072655.0
008 240226s2001 xo a r hun
015 |a SNBA2003/01-00021 
020 |a 8080562482 
035 |a SNK000387906 
035 |a urn:nbn:sk:snk-am3hnik 
035 |a 501D5E29-A4A7-4CEB-A435-A66FC4D853A3 
035 |a urn:nbn:sk:snk-am00cw6a 
040 |a SNK  |b slo  |c SNK  |e AACR2 
041 0 |a hun 
044 |a xo  |c SK 
080 |a 377.8(437.6)=511.141  |2 2. slo 
245 0 |a Emlékkönyv  |b a Rozsnyói Tanítóképző (PG) utolsó érettségizett növendékeinek emlékkönyve 1957-1961  |c [összeállították az Alma Mater polgári társulás ügyintézői: Farkas Veronika, Juhász Mária, Száraz József] 
260 |a Komáromban  |b KT  |c 2001 
300 |a 86 s.  |b fotogr.  |c 29 cm 
500 |a Ilustr. tit. strana 
500 |a Údaj o zost. prevzatý z tir. 
500 |a Vyd. Alma Mater 
610 0 7 |a Učiteľský ústav (Rožňava, Slovensko)  |9 736134 
650 0 7 |a dejiny  |2 SNK  |9 3825 
655 7 |a jubilejné publikácie  |2 SNK  |9 70339 
700 1 |a Farkas, Veronika,  |d 1943-  |4 com  |4 oth  |9 413443 
700 1 |a Juhász, Mária  |4 com  |9 736135 
700 1 |a Száraz, József  |4 com  |9 736136 
919 |a 80-8056-248-2 
958 |a TL 
958 |a HU 
958 |a OND 
999 |c 1157553  |d 1159483 
952 |t P60, <03>, [BOOK], {603}  |a SNK  |b SNK  |y PREZ  |7 0  |p 17A0340992  |o snkSB 64963  |i snkKSP 4742/2002  |0 0  |1 0  |4 0  |d 2002-04-25  |f 1  |l 0  |r 2017-06-30 00:00:00  |w 2026-02-24 
952 |t P60, <04>, [BOOK], {604}  |a SNK  |b SNK  |y VYP  |7 0  |p 17A0340991  |o snkSB 64963 D1  |i snkKSP 4743/2002  |0 0  |1 0  |4 0  |d 2002-04-25  |l 0  |r 2005-01-02 00:00:00  |w 2026-02-24